000 00648nam a22002177a 4500
999 _c16511
_d16511
003 AR-CdUCM
008 190503b ||||| |||| 00| 0 spa d
040 _aMUNICIPALIDAD PROVINCIAL DEL CUSCO
_cBIBLIOTECA MUNICIPAL DEL CUSCO
082 _a374.5 /
_bM86
100 _aMoran Alva, Manuel
_935995
245 _aGoces y beneficios Magisteriales /
260 _aLima :
_c1960.
300 _a231 paginas ;
_c18 cm.
500 _aLibro de ayuda a los magisteriales
650 _aBeneficios
_935996
650 _aMagisteriales
_935997
650 _aHistoria
_9136
650 _aLiteratura
_983
942 _2ddc
_cLIBROS
945 _apjha
_d2019-05-03